| 000 | 00871cam a22002652 4500 | ||
|---|---|---|---|
| 999 |
_c17516 _d17516 |
||
| 001 | 0000023364 | ||
| 003 | OSt | ||
| 005 | 20190304162025.0 | ||
| 008 | 121115s xx 000 0 eng d | ||
| 020 | _a0470689752 : | ||
| 040 |
_aKABU _cKABU |
||
| 050 | 0 |
_aHF5415.135 _b.A25 2010 c. 1 |
|
| 100 | 1 | _aAaker, David A. | |
| 245 | 1 | 0 |
_aStrategic market management. _bglobal perspectives |
| 250 | _a1st ed. | ||
| 260 |
_aUK : _bWiley, _c2010. |
||
| 300 | _axiii, 354 p. | ||
| 650 | 0 |
_aMarketing _xDecision making. |
|
| 700 | _aMcLoughlin, Damien | ||
| 908 | _a121115 | ||
| 942 |
_2lcc _cBK _hHF5415.135 _i.A25 2010 c. 1 |
||